[Event "Mondiale Lampo FIDE 2019"]
[Site "Mosca"]
[Date "30.12.2019"]
[Round "18.57"]
[White "Ganguly, Surya Shekhar"]
[Black "Smirin, Ilia"]
[Result "1-0"]
[WhiteTitle "GM"]
[BlackTitle "GM"]
[WhiteElo "2633"]
[BlackElo "2607"]
[WhiteFideId "5002150"]
[BlackFideId "2801990"]
[EventDate "2019.12.29"]

1. Nf3 Nf6 2. g3 g6 3. Bg2 Bg7 4. O-O O-O 5. d4 d6 6. b3 a5 7. Bb2 a4 8. c4 c6
9. Nbd2 Nbd7 10. Qc2 Re8 11. Rfd1 Qc7 12. e3 e5 13. dxe5 dxe5 14. Ba3 axb3 15.
axb3 Ra6 16. Ng5 Nf8 17. Nde4 Nxe4 18. Nxe4 Bf5 19. Bd6 Qb6 20. Bc5 Qxc5 21.
Nxc5 Bxc2 22. Nxa6 Bxd1 23. Nc5 Bc2 24. Ra2 b6 25. Rxc2 bxc5 26. Bxc6 Rd8 27.
Bd5 Nd7 28. Rd2 Kf8 29. Bc6 Ke7 30. Rd5 e4 31. Bb5 f5 32. Kf1 Bc3 33. Kg2 Bb4 1-0

[Event "Mondiale Lampo FIDE 2019"]
[Site "Mosca"]
[Date "30.12.2019"]
[Round "18.58"]
[White "Antipov, Mikhail Al."]
[Black "Petrosian, Tigran L."]
[Result "1-0"]
[WhiteTitle "GM"]
[BlackTitle "GM"]
[WhiteElo "2549"]
[BlackElo "2601"]
[WhiteFideId "4107012"]
[BlackFideId "13301616"]
[EventDate "2019.12.29"]

1. e4 g6 2. d4 Bg7 3. Nf3 d6 4. Be3 Nf6 5. Nc3 c6 6. Qd2 b5 7. a3 O-O 8. Bh6 Bg4
9. h4 Bxf3 10. gxf3 e5 11. O-O-O Qe7 12. h5 Nxh5 13. dxe5 Bxh6 14. Qxh6 Qxe5 15.
Kb1 Nd7 16. Bh3 Ndf6 17. Rdg1 Kh8 18. Rg5 Ng8 19. Qxf8 Rxf8 20. Rxe5 dxe5 21.
Bd7 Ne7 22. a4 b4 23. Na2 Rd8 24. Bg4 Nf4 25. Nxb4 h5 26. Bh3 Rd2 27. a5 c5 28.
Na6 Nc6 29. Nxc5 Nxa5 30. Bd7 Rxf2 31. Bb5 Ne6 32. Nd3 Rxf3 33. Nxe5 Rf4 34. Be8
Kg7 35. Rd1 Ng5 36. Rd5 Nb7 37. Bc6 h4 38. Bxb7 Rf1+ 39. Ka2 h3 40. Rd2 Rf4 41.
Nd3 Rh4 42. e5 h2 43. Bh1 Ne6 44. c3 g5 45. b4 f5 46. exf6+ Kxf6 47. Rf2+ Ke7
48. Ne5 Rh3 49. Re2 Rxc3 50. Kb2 Rh3 51. Nf3 Rh5 52. Nd4 g4 53. Rxe6+ Kf7 54.
Re2 g3 55. Rg2 Rh4 56. Kc3 Rg4 57. Ne2 a5 58. bxa5 Ra4 59. Nxg3 Rxa5 60. Kd3 Ra1
61. Ke3 Rg1 62. Rf2+ Ke6 63. Kf3 Ra1 64. Rxh2 Ra3+ 65. Kf4 Ra4+ 66. Be4 Ra5 67.
Rh6+ Ke7 68. Nf5+ Kd7 69. Rh7+ Ke6 70. Ne3 Ra4 71. Rh6+ Kd7 72. Nd5 Ke8 73. Rf6
Ra1 74. Ke5 Re1 75. Kd6 Rd1 76. Bg6+ 1-0

[Event "Mondiale Lampo FIDE 2019"]
[Site "Mosca"]
[Date "30.12.2019"]
[Round "18.59"]
[White "Popov, Ivan RUS"]
[Black "Galkin, Alexander"]
[Result "1-0"]
[WhiteTitle "GM"]
[BlackTitle "GM"]
[WhiteElo "2636"]
[BlackElo "2611"]
[WhiteFideId "4170350"]
[BlackFideId "4120426"]
[EventDate "2019.12.29"]

1. e4 c6 2. Nf3 d5 3. d3 dxe4 4. dxe4 Qxd1+ 5. Kxd1 Nd7 6. Nbd2 e5 7. Nc4 f6 8.
Ne1 Nb6 9. Be3 Bg4+ 10. f3 Nxc4 11. Bxc4 Bh5 12. Nd3 Bf7 13. Bxf7+ Kxf7 14. a4
a5 15. Ke2 h5 16. Rhd1 Nh6 17. Nc5 Bxc5 18. Bxc5 Rhd8 19. Bb6 Rxd1 20. Rxd1 Ke8
21. Rd3 Nf7 22. Rb3 Kd7 23. Bc5 Nd8 24. Rd3+ Ke8 25. Rd6 b5 26. axb5 cxb5 27.
Rb6 b4 28. Kd3 Kd7 29. Kc4 Rc8 30. Kd5 Nc6 31. Rb7+ Rc7 32. Rxc7+ Kxc7 33. Bf8
Nd4 34. Bxg7 Nxc2 35. Bxf6 Ne3+ 36. Kc5 Nxg2 37. Bxe5+ Kd7 38. Kb5 Ne3 39. Bd4
Nc2 40. Bf2 Ke6 41. Kxa5 Ke5 42. Ka4 Kf4 43. Kb3 Na1+ 44. Ka2 Nc2 45. Kb3 Na1+
46. Kxb4 Kxf3 47. e5 Kxf2 48. e6 Nc2+ 49. Kc5 1-0

[Event "Mondiale Lampo FIDE 2019"]
[Site "Mosca"]
[Date "30.12.2019"]
[Round "18.61"]
[White "Tran, Tuan Minh"]
[Black "Petrosyan, Manuel"]
[Result "0-1"]
[WhiteTitle "GM"]
[BlackTitle "GM"]
[WhiteElo "2529"]
[BlackElo "2613"]
[WhiteFideId "12401820"]
[BlackFideId "13300857"]
[EventDate "2019.12.29"]

1. d4 d5 2. c4 e6 3. Nc3 c5 4. cxd5 exd5 5. Nf3 Nc6 6. g3 Nf6 7. Bg2 cxd4 8.
Nxd4 Bc5 9. Nb3 Bb4 10. O-O Bxc3 11. bxc3 O-O 12. Bg5 h6 13. Bxf6 Qxf6 14. Qxd5
Be6 15. Qf3 Qe7 16. Nd4 Rac8 17. Qe3 Na5 18. Nxe6 Qxe6 19. Qxe6 fxe6 20. Rac1
Rfd8 21. Rc2 b6 22. Be4 Kf7 23. h4 Rc5 24. Rfc1 Ke7 25. Kg2 Nc4 26. Bd3 Rdc8 27.
Bxc4 Rxc4 28. Kf3 Kf6 29. Ke3 b5 30. Kd3 a6 31. Rd2 Ra4 32. Rb2 Ke5 33. Kc2 Ra3
34. Kd2 Rc4 35. Rcc2 Rc6 36. Rb3 Ra4 37. Rb4 Ra3 38. Rb3 Ra4 39. Rb4 Ra3 40. Rb3
Ra4 41. Kc1 Rac4 42. Kb2 Rd6 43. Rb4 Rc5 44. Rg4 Kf6 45. Rf4+ Ke7 46. Rg4 g5 47.
hxg5 hxg5 48. Re4 Kf6 49. Kb3 Rcd5 50. c4 bxc4+ 51. Rexc4 Rd1 52. Kc3 Rf1 53. f3
Rfd1 54. g4 R1d5 55. Kb2 Rb5+ 56. Kc3 Rbd5 57. a4 a5 58. Kb3 Rb6+ 59. Kc3 Rd1
60. Rc5 Rd5 61. Rxd5 exd5 62. Kd4 Ke6 63. Kc5 Rb4 64. Ra2 Ke5 65. Rd2 d4 66. Ra2
Kf4 67. Kd5 Ke3 68. Ke5 Rb1 69. Kf5 Re1 70. Kxg5 Rxe2 71. Ra3+ d3 72. f4 Ke4 73.
f5 d2 74. Ra1 Re1 0-1

[Event "Mondiale Lampo FIDE 2019"]
[Site "Mosca"]
[Date "30.12.2019"]
[Round "18.62"]
[White "Kazakouski, Valery"]
[Black "Donchenko, Alexander"]
[Result "1-0"]
[WhiteTitle "IM"]
[BlackTitle "GM"]
[WhiteElo "2485"]
[BlackElo "2644"]
[WhiteFideId "13507443"]
[BlackFideId "24603295"]
[EventDate "2019.12.29"]

1. d4 Nf6 2. Nf3 e6 3. c4 c5 4. d5 d6 5. Nc3 exd5 6. cxd5 g6 7. Bf4 Bg7 8. Qa4+
Bd7 9. Qb3 b5 10. Bxd6 Qb6 11. Be5 O-O 12. e3 c4 13. Qd1 b4 14. Ne2 Rc8 15. a3
Na6 16. axb4 Nxb4 17. Nf4 Bf5 18. Nd4 Be4 19. Rc1 Nfxd5 20. Nxd5 Bxd5 21. Bxg7
Kxg7 22. Qd2 Rab8 23. f3 Na2 24. Rc2 Nb4 25. Rc1 Re8 26. Kf2 Nd3+ 27. Bxd3 cxd3
28. b3 Qd6 29. Rc3 Ba8 30. Qxd3 Kg8 31. Ne2 Qe5 32. Qd4 Qe6 33. Nf4 Qf5 34. Ra1
Rbd8 35. Qc5 Rd2+ 36. Kg1 Qd7 37. e4 Rd1+ 38. Rxd1 Qxd1+ 39. Kf2 Qd2+ 40. Ne2
Rf8 41. Qxa7 Qb2 42. Qe3 Bb7 43. Rd3 Ba6 44. Rd2 Qe5 45. Nf4 Qg5 46. Nd5 Qh4+
47. Kg1 Re8 48. Nc7 Rc8 49. Rc2 Bb5 50. Rc5 Bd7 51. g3 Qe7 52. b4 Qd6 53. Nd5
Ra8 54. Qd4 Qe6 55. Nf6+ Kf8 56. Nxd7+ Ke7 57. Re5 1-0

[Event "Mondiale Lampo FIDE 2019"]
[Site "Mosca"]
[Date "30.12.2019"]
[Round "18.63"]
[White "Alekseenko, Kirill"]
[Black "Rychagov, Andrey"]
[Result "1/2-1/2"]
[WhiteTitle "GM"]
[BlackTitle "GM"]
[WhiteElo "2704"]
[BlackElo "2545"]
[WhiteFideId "4135539"]
[BlackFideId "4119932"]
[EventDate "2019.12.29"]

1. d4 d5 2. Nc3 e6 3. Bf4 Nf6 4. Nb5 Na6 5. e3 Be7 6. Nf3 O-O 7. Be2 c6 8. Nc3
b6 9. Ne5 Nb8 10. a4 a5 11. O-O Nfd7 12. Bd3 Ba6 13. Ne2 Nxe5 14. Bxe5 Bxd3 15.
cxd3 c5 16. Nc3 Nc6 17. Nb5 cxd4 18. exd4 Nxe5 19. dxe5 Qd7 20. d4 Rac8 21. f4
f6 22. exf6 Bxf6 23. Qd3 Rc6 24. Rae1 Rfc8 25. Re2 Rc1 26. g3 g6 27. Qe3 Rxf1+
28. Kxf1 Kf7 29. Kg2 Rc6 30. h3 Qe7 31. g4 Qd7 32. Kg3 Rc4 33. b3 Rc6 34. h4 Bg7
35. Qd3 Rc1 36. Rc2 Rxc2 37. Qxc2 Bf8 38. Kf3 Bd6 39. Qc8 Qe7 40. Qh8 h5 41.
Qh7+ Kf8 42. Qxg6 hxg4+ 43. Kxg4 Bb8 44. h5 Qf7 45. Qxf7+ Kxf7 46. Kg5 Kg7 47.
f5 e5 48. f6+ Kg8 49. dxe5 Bxe5 50. Kg6 d4 51. h6 d3 52. h7+ Kh8 53. f7 Bg7 54.
Nc3 d2 55. Nd1 Bf8 56. Ne3 Bg7 57. Nd1 Bf8 58. Nf2 Bg7 59. Kf5 Kxh7 60. Ke4 Bh6
61. Kf5 Kg7 62. Ke6 Kf8 63. Nd1 Bg7 64. Ne3 Bd4 65. Nd1 Bc5 66. Kf6 Bd4+ 67. Ke6
Bc5 68. Nc3 Bd4 69. Nd1 Bc5 70. Nc3 Kg7 71. Nd1 Kf8 72. Nc3 1/2-1/2

[Event "Mondiale Lampo FIDE 2019"]
[Site "Mosca"]
[Date "30.12.2019"]
[Round "18.64"]
[White "Bosiocic, Marin"]
[Black "Xu, Yinglun"]
[Result "1/2-1/2"]
[WhiteTitle "GM"]
[BlackTitle "GM"]
[WhiteElo "2623"]
[BlackElo "2555"]
[WhiteFideId "14507927"]
[BlackFideId "8604940"]
[EventDate "2019.12.29"]

1. e4 e6 2. d4 d5 3. Nc3 Nf6 4. Bg5 dxe4 5. Nxe4 Nbd7 6. Nf3 h6 7. Bh4 Be7 8.
Nxf6+ Bxf6 9. Bxf6 Nxf6 10. Bd3 b6 11. Qe2 Bb7 12. O-O-O O-O 13. Ne5 c5 14. dxc5
Qc7 15. c6 Bxc6 16. Rhg1 Rad8 17. g4 Rd5 18. f4 Nd7 19. Nxc6 Qxc6 20. g5 hxg5
21. fxg5 Nc5 22. Bc4 1/2-1/2

[Event "Mondiale Lampo FIDE 2019"]
[Site "Mosca"]
[Date "30.12.2019"]
[Round "18.65"]
[White "Baron, Tal"]
[Black "Pigusov, Evgeny"]
[Result "1-0"]
[WhiteTitle "GM"]
[BlackTitle "GM"]
[WhiteElo "2541"]
[BlackElo "2555"]
[WhiteFideId "2809958"]
[BlackFideId "4100514"]
[EventDate "2019.12.29"]

1. Nf3 Nf6 2. d4 e6 3. Bf4 c5 4. e3 d5 5. Nbd2 Nc6 6. c3 Bd6 7. Bg3 O-O 8. Bb5
a6 9. Bxc6 bxc6 10. Qa4 Bxg3 11. hxg3 Qb6 12. Qc2 a5 13. g4 g6 14. Ne5 Rb8 15.
O-O-O a4 16. g5 Nd7 17. Rh6 f5 18. gxf6 Rxf6 19. Rdh1 Nxe5 20. dxe5 Rf7 21. Rxh7 1-0

[Event "Mondiale Lampo FIDE 2019"]
[Site "Mosca"]
[Date "30.12.2019"]
[Round "18.66"]
[White "Ismagambetov, Anuar"]
[Black "Laznicka, Viktor"]
[Result "0-1"]
[WhiteTitle "GM"]
[BlackTitle "GM"]
[WhiteElo "2528"]
[BlackElo "2648"]
[WhiteFideId "13701525"]
[BlackFideId "316385"]
[EventDate "2019.12.29"]

1. Nf3 d5 2. g3 Nf6 3. Bg2 Bg4 4. O-O Nbd7 5. d3 e6 6. Nbd2 Be7 7. e4 O-O 8. Qe2
c5 9. h3 Bh5 10. g4 Bg6 11. Nh4 dxe4 12. dxe4 e5 13. Nf5 Re8 14. c3 Bf8 15. Nc4
Qc7 16. Bg5 h6 17. Bh4 b5 18. Nce3 c4 19. Rad1 Qb6 20. Kh1 Nc5 21. Bf3 Nd3 22.
g5 Nf4 23. Qc2 hxg5 24. Bxg5 Nxh3 25. Bh4 Nf4 26. Rg1 Rad8 27. Rdf1 Rd3 28. Rg3
Qc6 29. Bxf6 Qxf6 30. Rfg1 Red8 31. Qc1 Rd2 32. Nd5 R2xd5 33. exd5 Bxf5 34. Rg5
Qh6+ 35. Rh5 Qf6 36. Rh2 Bg6 37. Qe3 Nxd5 38. Qe2 Nf4 39. Qf1 Rd3 40. Rg3 Rxf3 0-1

[Event "Mondiale Lampo FIDE 2019"]
[Site "Mosca"]
[Date "30.12.2019"]
[Round "18.67"]
[White "Turov, Maxim"]
[Black "Vastrukhin, Oleg"]
[Result "0-1"]
[WhiteTitle "GM"]
[BlackTitle "IM"]
[WhiteElo "2574"]
[BlackElo "2428"]
[WhiteFideId "4120086"]
[BlackFideId "4192770"]
[EventDate "2019.12.29"]

1. d4 g6 2. Nf3 Bg7 3. g3 d6 4. Bg2 e5 5. dxe5 dxe5 6. Qxd8+ Kxd8 7. Nc3 c6 8.
Ng5 Nh6 9. Nge4 Kc7 10. Bg5 f5 11. Nd2 Nf7 12. Be3 Be6 13. O-O-O Nd7 14. Nb3 Bh6
15. Bxh6 Nxh6 16. h3 Nf7 17. e4 f4 18. h4 Nh6 19. gxf4 Bxb3 20. axb3 exf4 21.
Ne2 Rhf8 22. Nd4 Rf6 23. Bh3 Ne5 24. Ne6+ Kb6 25. Ng5 Rh8 26. Rhg1 Nhf7 27. c3
h6 28. Nxf7 Rxf7 29. Rd6 Re8 30. h5 g5 31. Bf5 Rh8 32. Rgd1 Nf3 33. Rg6 Nh4 34.
Be6 Nxg6 35. Bxf7 Ne5 36. Be6 g4 37. Rg1 Rf8 38. Bxg4 Rg8 39. f3 Nxf3 40. Rg2
Ne5 41. Bh3 Rxg2 42. Bxg2 Kc5 43. Kd2 Kd6 44. Bh3 Ke7 45. b4 b6 46. b3 Kf6 47.
c4 c5 48. bxc5 bxc5 49. Kc3 a5 50. Kb2 f3 51. Ka3 Nc6 52. Ka4 Ke5 53. Kb5 Nd4+
54. Kxc5 Nxb3+ 55. Kb5 Kxe4 56. Ka4 Nd2 57. c5 Kd5 58. Kb5 Nb3 59. c6 Nd4+ 60.
Kxa5 Nxc6+ 61. Kb5 Ne5 62. Kb4 Kd4 63. Kb5 Nd3 64. Kc6 Nf4 65. Bf1 Nxh5 66. Kd6
Ng3 67. Bh3 Ke4 68. Ke6 Kf4 69. Kf6 h5 70. Kg6 f2 71. Kh6 h4 0-1

[Event "Mondiale Lampo FIDE 2019"]
[Site "Mosca"]
[Date "30.12.2019"]
[Round "18.68"]
[White "Piorun, Kacper"]
[Black "Murzin, Volodar"]
[Result "1-0"]
[WhiteTitle "GM"]
[BlackTitle "IM"]
[WhiteElo "2611"]
[BlackElo "2442"]
[WhiteFideId "1130420"]
[BlackFideId "44155573"]
[EventDate "2019.12.29"]

1. d4 d5 2. Bg5 c6 3. Nf3 Nd7 4. e3 Ngf6 5. Nbd2 g6 6. Be2 Bg7 7. O-O O-O 8. c4
e6 9. b4 a5 10. b5 cxb5 11. cxd5 exd5 12. Bxb5 h6 13. Bh4 g5 14. Bg3 Ne4 15.
Nxe4 dxe4 16. Nd2 f5 17. Bd6 Rf6 18. Ba3 Nb6 19. Nc4 Nd5 20. Ne5 Be6 21. Rc1 f4
22. exf4 gxf4 23. Re1 e3 24. Qf3 Rf5 25. Bd3 Rf6 26. Rc2 Nb4 27. Bxb4 axb4 28.
fxe3 fxe3 29. Qxe3 Bd5 30. Bc4 Bxc4 31. Rxc4 Qd5 32. Qb3 Raf8 33. Rxb4 Qxb3 34.
axb3 Rd6 35. Rxb7 Rxd4 36. Nf3 Rg4 37. h3 Rg6 38. Kh2 h5 39. Re4 Bh6 40. Rbe7
Bf4+ 41. Kg1 Ra6 42. Re8 Bg3 43. Rxf8+ Kxf8 44. Kf1 Ra1+ 45. Ke2 Ra2+ 46. Nd2 h4
47. Kd3 Kf7 48. b4 Kf6 49. Re2 Kf5 50. Nf3 Ra3+ 51. Kc4 Bd6 52. Nd4+ Kf4 53. Nb5
Bxb4 54. Nxa3 Bxa3 55. Rf2+ Kg5 56. Rf3 Bd6 57. Kd5 Bg3 58. Ke4 Bc7 59. Rf5+ Kg6
60. Rd5 Bb8 61. Kf3 Bc7 62. Kg4 Bb8 63. Kxh4 Bc7 64. Kg4 1-0

[Event "Mondiale Lampo FIDE 2019"]
[Site "Mosca"]
[Date "30.12.2019"]
[Round "18.69"]
[White "Atabayev, Maksat"]
[Black "Alonso Rosell, Alvar"]
[Result "1-0"]
[WhiteTitle "GM"]
[BlackTitle "GM"]
[WhiteElo "2475"]
[BlackElo "2548"]
[WhiteFideId "14001101"]
[BlackFideId "2270544"]
[EventDate "2019.12.29"]

1. Nf3 c5 2. b3 d6 3. Bb2 e5 4. d3 g6 5. c4 Bg7 6. Nc3 Ne7 7. g3 Nbc6 8. Bg2 O-O
9. O-O h6 10. Nd2 Be6 11. a3 Qd7 12. Nd5 Bh3 13. e3 Nxd5 14. cxd5 Ne7 15. e4
Bxg2 16. Kxg2 f5 17. b4 cxb4 18. axb4 f4 19. f3 h5 20. d4 exd4 21. Nb3 g5 22.
Bxd4 Ng6 23. Bxg7 Qxg7 24. Nd4 Rfc8 25. Rf2 fxg3 26. hxg3 h4 27. Nf5 Qe5 28.
gxh4 Nxh4+ 29. Nxh4 gxh4 30. Kh1 Rc7 31. Rg2+ Kh8 32. Rc1 Rf7 33. Qd2 h3 34. Rg4
Rh7 35. Qe3 Rf8 36. f4 Qb2 37. Qc3+ Qxc3 38. Rxc3 Re8 39. f5 a6 40. Kh2 b5 41.
Rxh3 Rxh3+ 42. Kxh3 Rc8 43. Kh4 a5 44. bxa5 b4 45. e5 Rb8 46. e6 b3 47. f6 b2
48. Rg1 Rb4+ 49. Kh5 Rb3 50. e7 Rh3+ 51. Kg5 Rg3+ 52. Rxg3 b1=Q 53. e8=Q+ Kh7
54. Rh3# 1-0

[Event "Mondiale Lampo FIDE 2019"]
[Site "Mosca"]
[Date "30.12.2019"]
[Round "18.70"]
[White "Riazantsev, Alexander"]
[Black "Dragnev, Valentin"]
[Result "1-0"]
[WhiteTitle "GM"]
[BlackTitle "GM"]
[WhiteElo "2639"]
[BlackElo "2553"]
[WhiteFideId "4125029"]
[BlackFideId "1634852"]
[EventDate "2019.12.29"]

1. d4 Nf6 2. c4 e6 3. Nf3 d5 4. Bg5 Be7 5. e3 Nbd7 6. Qc2 h6 7. Bh4 c5 8. dxc5
Nxc5 9. Bxf6 Bxf6 10. cxd5 Qa5+ 11. Nc3 O-O 12. dxe6 Bxe6 13. Be2 Bf5 14. Qxf5
Bxc3+ 15. Kf1 Bxb2 16. Rb1 Bc3 17. Bc4 b6 18. g4 Nb7 19. Qc2 Rac8 20. Rb5 Qa6
21. Bd3 Qa3 22. Rb3 Qc5 23. Ba6 Qd5 24. Kg2 Bf6 25. Qd1 Qe4 26. h3 Rfd8 27. Qb1
Qc6 28. Rd1 Rxd1 29. Qxd1 Rd8 30. Bxb7 Qxb7 31. Qc2 g6 32. a4 Kg7 33. a5 Rd6 34.
axb6 axb6 35. Rb5 Re6 36. Qb3 Qc6 37. Qd5 Qxd5 38. Rxd5 Rc6 39. Rd7 b5 40. Rb7
Rc5 41. Nd2 Rd5 42. Ne4 Be5 43. f4 Ba1 44. Kf3 Kf8 45. g5 hxg5 46. Nxg5 f6 47.
Ne6+ Kg8 48. Nc7 Rc5 49. Nxb5 g5 50. Nd6 gxf4 51. exf4 Bc3 52. Kg4 Be1 53. Rb8+
Kg7 54. Nf5+ Kh7 55. Rb7+ Kg8 56. Nh6+ Kh8 57. h4 Ra5 58. h5 Rc5 59. Nf7+ Kg7
60. Ng5+ Kg8 61. Rb8+ Kg7 62. Ne6+ 1-0

[Event "Mondiale Lampo FIDE 2019"]
[Site "Mosca"]
[Date "30.12.2019"]
[Round "18.71"]
[White "Pashikian, Arman"]
[Black "Rozum, Ivan"]
[Result "0-1"]
[WhiteTitle "GM"]
[BlackTitle "GM"]
[WhiteElo "2605"]
[BlackElo "2573"]
[WhiteFideId "13301578"]
[BlackFideId "24104272"]
[EventDate "2019.12.29"]

1. d4 Nf6 2. c4 d6 3. Nc3 e5 4. g3 exd4 5. Qxd4 Nc6 6. Qd2 g6 7. b3 Bg7 8. Bb2
O-O 9. Bg2 Be6 10. Nh3 Bxh3 11. Bxh3 Re8 12. Bg2 Nd7 13. O-O a5 14. Rad1 Nc5 15.
Nd5 Ne5 16. h3 c6 17. Ne3 Qb6 18. Kh2 Rad8 19. Bc3 Qa6 20. Bxa5 Ra8 21. Bc7 Qxa2
22. Qxa2 Rxa2 23. b4 Na4 24. Rxd6 Rxe2 25. b5 Bh6 26. Ng4 Nxg4+ 27. hxg4 Bf8 28.
Rd8 Rxd8 29. Bxd8 Nb2 30. b6 Nxc4 31. Rc1 Ne5 32. Kg1 Nxg4 33. Bf3 Re8 34. Bc7
Ne5 35. Bg2 Nd3 36. Rd1 Nc5 37. Rc1 Na6 38. Bf4 Bc5 39. Rb1 Re2 40. Rf1 Bxb6 41.
Bf3 Rb2 42. Kg2 Nc5 43. g4 Nd3 44. Bg3 Rd2 45. g5 Bd4 46. Rb1 Bxf2 47. Rxb7
Bxg3+ 48. Kxg3 Ne5 49. Be4 Rd7 50. Rb8+ Kg7 51. Kf4 Nd3+ 52. Ke3 Ne5 53. Re8
Nc4+ 54. Kf4 Nd6 55. Bxc6 Rc7 0-1

[Event "Mondiale Lampo FIDE 2019"]
[Site "Mosca"]
[Date "30.12.2019"]
[Round "18.72"]
[White "Shcherbakov, Ruslan"]
[Black "Reshetnikov, Alexey"]
[Result "1-0"]
[WhiteTitle "GM"]
[BlackTitle "IM"]
[WhiteElo "2527"]
[BlackElo "2492"]
[WhiteFideId "4102240"]
[BlackFideId "4162080"]
[EventDate "2019.12.29"]

1. e4 c5 2. Nf3 Nc6 3. Bb5 e6 4. O-O Nge7 5. d4 cxd4 6. Nxd4 a6 7. Be2 Nxd4 8.
Qxd4 Nc6 9. Qc3 b5 10. a4 b4 11. Qg3 Bb7 12. Rd1 g6 13. Bg5 Be7 14. Bxe7 Qxe7
15. Nd2 O-O 16. Nc4 d5 17. Nb6 Rad8 18. exd5 exd5 19. Bf3 d4 20. Nd5 Qd6 21.
Qxd6 Rxd6 22. Rd2 Kg7 23. Nxb4 Rb8 24. Nd3 Ne7 25. Bxb7 Rxb7 26. Re1 Nd5 27. b3
Rc7 28. Re4 Nc3 29. Re1 a5 30. g3 h5 31. h4 Rd5 32. Kg2 Na2 33. Re4 Nc3 34. Re5
Rxe5 35. Nxe5 Nb1 36. Rxd4 Rxc2 37. Nc4 Nc3 38. Nxa5 Rb2 39. Kf3 Kf6 40. Rd3 Nb1
41. Ke3 Na3 42. Nc6 Nc2+ 43. Ke4 Ne1 44. Re3 Ng2 45. Rf3+ Kg7 46. Ne5 f6 47. Nc4
f5+ 48. Kd4 Rb1 49. a5 Ne1 50. Rc3 Ra1 51. b4 Ra2 52. b5 Ra4 1-0

[Event "Mondiale Lampo FIDE 2019"]
[Site "Mosca"]
[Date "30.12.2019"]
[Round "18.73"]
[White "Huzman, Alexander"]
[Black "Narayanan, Srinath"]
[Result "1-0"]
[WhiteTitle "GM"]
[BlackTitle "GM"]
[WhiteElo "2567"]
[BlackElo "2529"]
[WhiteFideId "2803828"]
[BlackFideId "5018420"]
[EventDate "2019.12.29"]

1. d4 Nf6 2. Nf3 e6 3. g3 c5 4. Bg2 cxd4 5. O-O d5 6. b3 Nc6 7. Nxd4 Bc5 8. Nxc6
bxc6 9. c4 O-O 10. Qc2 Bd4 11. Bb2 Bxb2 12. Qxb2 Ba6 13. Rc1 Qb6 14. Nd2 Rad8
15. e3 Rfe8 16. Qa3 e5 17. cxd5 cxd5 18. Qc5 Qe6 19. Qa5 Bd3 20. Qxa7 Qf5 21. h3
h5 22. Rc7 Qg6 23. Qc5 Bf5 24. Nf3 Be4 25. Re7 Bxf3 26. Bxf3 h4 27. g4 Qd3 28.
Rxe8+ Rxe8 29. Rd1 Qa6 30. a4 d4 31. Qb5 Qd6 32. Qc4 Rd8 33. a5 d3 34. a6 e4 35.
Bg2 Qe7 36. b4 g5 37. b5 Qa7 38. Bxe4 d2 39. Bf3 Rd6 40. Qc3 Qb6 41. Rxd2 Rxd2
42. Qxd2 Kg7 43. Qd4 1-0

[Event "Mondiale Lampo FIDE 2019"]
[Site "Mosca"]
[Date "30.12.2019"]
[Round "18.74"]
[White "Kryakvin, Dmitry"]
[Black "Ruck, Robert"]
[Result "1-0"]
[WhiteTitle "GM"]
[BlackTitle "GM"]
[WhiteElo "2596"]
[BlackElo "2530"]
[WhiteFideId "4153278"]
[BlackFideId "705713"]
[EventDate "2019.12.29"]

1. d4 Nf6 2. c4 e6 3. Nf3 d5 4. Bg5 h6 5. Bxf6 Qxf6 6. e3 c6 7. Nbd2 Nd7 8. Bd3
Qd8 9. O-O Be7 10. e4 O-O 11. Qe2 Nf6 12. Rad1 b6 13. Ne5 Bb7 14. cxd5 cxd5 15.
exd5 Qxd5 16. Ndf3 Rac8 17. a3 Rc7 18. Rfe1 Rfc8 19. h3 Bf8 20. Qf1 Qb3 21. Rd2
Bd6 22. Ba6 Bxa6 23. Qxa6 Nd5 24. g3 Nf6 25. Qe2 Rc2 26. Qa6 R8c7 27. Rxc2 Qxc2
28. Re2 Qd1+ 29. Kg2 Qb3 30. Rd2 Nd5 31. Qe2 b5 32. Qe4 a6 33. Re2 a5 34. h4 b4
35. axb4 Qxb4 36. Nxf7 Nf6 37. Qxe6 Rxf7 38. Ne5 Bxe5 39. dxe5 Qb7+ 40. Kh2 Nh7
41. f4 Nf8 42. Qc4 Kh8 43. Qe4 Qxe4 44. Rxe4 Rb7 45. Re2 g6 46. Kh3 h5 47. Rc2
Kg7 48. Rc5 Rxb2 49. Rxa5 Ne6 50. Ra7+ Kf8 51. Ra6 Kf7 52. Ra7+ Kg8 53. Ra6 Nf8
54. Rd6 Re2 55. Ra6 Kg7 56. Ra7+ Kh6 57. Re7 Nh7 58. Rf7 Re1 59. Kg2 Ra1 60. Kf3
Ra8 61. e6 Nf8 62. e7 Ne6 63. Ke4 Ng7 64. Ke5 Ra5+ 65. Kd6 Ra6+ 66. Kd7 Ra7+ 67.
Kd6 Ra6+ 68. Kd7 Ra7+ 69. Kd6 Ra1 70. Rxg7 Rd1+ 71. Kc5 Re1 72. Rf7 Re3 73. Kd6
Re4 74. Kd7 Re3 75. e8=Q 1-0

[Event "Mondiale Lampo FIDE 2019"]
[Site "Mosca"]
[Date "30.12.2019"]
[Round "18.75"]
[White "Yilmaz, Mustafa"]
[Black "Vokhidov, Shamsiddin"]
[Result "1/2-1/2"]
[WhiteTitle "GM"]
[BlackTitle "IM"]
[WhiteElo "2604"]
[BlackElo "2526"]
[WhiteFideId "6302718"]
[BlackFideId "14204223"]
[EventDate "2019.12.29"]

1. e4 e5 2. Nf3 Nc6 3. Bb5 Nf6 4. d3 Bc5 5. c3 d5 6. exd5 Qxd5 7. Bc4 Qd6 8.
Nbd2 Bf5 9. Qe2 O-O 10. Ne4 Nxe4 11. dxe4 Be6 12. b4 Bxb4 13. cxb4 Qxb4+ 14. Nd2
Nd4 15. Qd3 Bxc4 16. Qxc4 Qxc4 17. Nxc4 Nc2+ 18. Kd2 Nxa1 19. Kc3 Rfd8 20. Be3
f6 21. Rxa1 Rd7 22. a4 a5 23. Kc2 b6 24. Na3 Rd6 25. Nb5 Rc6+ 26. Nc3 Rd8 27. g4
Rd4 28. f3 Kf7 29. h4 g6 30. Bd2 f5 31. exf5 gxf5 32. gxf5 Rxh4 33. Kd3 Rf6 34.
Ne4 Rxf5 35. Ke3 Rh3 36. Ke2 h6 37. Rc1 Rfxf3 38. Rxc7+ Ke6 39. Nf2 Rhg3 40.
Rc6+ Kd5 41. Rxb6 Ra3 42. Rb5+ Ke6 43. Rxa5 h5 44. Ra6+ Kf5 45. Rh6 Rxa4 46.
Rxh5+ Ke6 47. Rh6+ Kf5 48. Rh5+ Ke6 49. Rh6+ Kd5 50. Rh8 Ra2 51. Rd8+ Ke6 52.
Re8+ Kd5 53. Rd8+ Kc6 54. Rc8+ Kd7 55. Rc4 Rb3 56. Ne4 Rh3 57. Nf2 Rh2 58. Rc3
Ke6 59. Re3 Rh4 60. Rb3 Rd4 61. Rd3 Rh4 62. Rb3 Rh2 63. Rg3 Kf5 64. Rf3+ Ke6 65.
Rg3 Rxf2+ 66. Kxf2 Rxd2+ 67. Ke3 Ra2 68. Rg8 Ra4 69. Re8+ Kf5 70. Rf8+ Ke6 71.
Re8+ Kf6 72. Rf8+ Ke7 73. Rh8 Ke6 74. Re8+ Kd5 75. Rd8+ 1/2-1/2

[Event "Mondiale Lampo FIDE 2019"]
[Site "Mosca"]
[Date "30.12.2019"]
[Round "18.76"]
[White "Tregubov, Pavel V."]
[Black "Sek, Konstantin"]
[Result "0-1"]
[WhiteTitle "GM"]
[WhiteElo "2588"]
[BlackElo "2446"]
[WhiteFideId "4115341"]
[BlackFideId "24104302"]
[EventDate "2019.12.29"]

1. e4 e5 2. Nf3 Nc6 3. Bb5 a6 4. Ba4 d6 5. d4 b5 6. Bb3 Nxd4 7. Nxd4 exd4 8.
Qxd4 c5 9. Qd5 Be6 10. Qc6+ Bd7 11. Qd5 c4 12. Bxc4 bxc4 13. Na3 Rc8 14. O-O Nf6
15. Qd4 Be7 16. Bf4 O-O 17. Rad1 Be6 18. Rfe1 Qa5 19. c3 Rfd8 20. f3 d5 21. Qe5
Qb6+ 22. Be3 Qxb2 23. Nb1 dxe4 24. Bd4 exf3 25. gxf3 Bd6 26. Qe2 Qxe2 27. Rxe2
Bc5 28. Kg2 Nd5 29. Kg3 Bd6+ 30. Kf2 Nf4 31. Red2 Nd3+ 32. Kg1 Bd5 33. Kg2 Re8 0-1